|
|
|
|
| LEADER |
00000nab a2200000 a 4500 |
| 001 |
vtls000166610 |
| 003 |
SK-MaSNL |
| 005 |
20260304205333.0 |
| 008 |
250422c1983 xo 0 slo |
| 015 |
|
|
|a SNBRB19rr/mm-uuuuu
|
| 035 |
|
|
|a CL0176721
|
| 035 |
|
|
|a (urnnbn)urn:nbn:sk:snk:ar-a07qe2
|
| 035 |
|
|
|a (uuid)bf4ba353-396d-4efa-9b8b-dda9f5e73fbd
|
| 035 |
|
|
|a urn:nbn:sk:snk-ab8b1s
|
| 040 |
|
|
|a SNKBUCL
|b slo
|c SNKBUCL
|e AACR2
|
| 041 |
0 |
|
|a slo
|
| 044 |
|
|
|a xo
|c SK
|
| 080 |
|
|
|a 719
|2 1981
|
| 080 |
|
|
|a 728
|2 1981
|
| 100 |
1 |
|
|a Duchoň, Jozef
|4 aut
|9 317656
|
| 245 |
1 |
0 |
|a Problémy historického jadra mesta Košíc v súčasnosti a v budúcnosti
|c Jozef Duchoň
|
| 300 |
|
|
|b Obr. 5.
|
| 650 |
0 |
7 |
|a pamiatková starostlivosť
|2 snkbucl
|9 2863
|
| 651 |
|
7 |
|a Košice (Slovensko)
|2 snkbucl
|9 18694
|
| 655 |
|
7 |
|a články z novín a časopisov
|2 snkbucl
|9 267496
|
| 773 |
0 |
|
|t Pamiatky príroda
|g Roč. 13, č. 5 (1983), s. 23-26
|
| 850 |
|
|
|a Slovenská národná knižnica
|
| 852 |
|
|
|a Slovenská národná knižnica
|
| 954 |
|
|
|a odborná, vedecká literatúra pôvodná (slovenská)
|2 lita
|
| 957 |
|
|
|a 5403
|
| 958 |
|
|
|a article9
|
| 958 |
|
|
|a RK
|
| 958 |
|
|
|a OND
|
| 958 |
|
|
|a EUIPO
|
| 992 |
|
|
|a RBX
|
| 999 |
|
|
|c 3120313
|d 3122243
|